[Event "chess.com SpeedChess Q1Sw"]
[Site "chess.com INT"]
[Date "2022.11.10"]
[Round "4"]
[White "Donchenko, Alexander"]
[Black "Suder, Jakub"]
[Result "1-0"]
[WhiteTitle "GM"]
[BlackTitle "FM"]
[WhiteElo "2645"]
[BlackElo "2244"]
[WhiteFideId "24603295"]
[BlackFideId "1195310"]
[EventDate "2022.11.10"]

1. Nf3 d5 2. g3 Nf6 3. Bg2 e6 4. O-O Be7 5. d4 O-O 6. c4 dxc4 7. Qc2 b5 8. a4 b4
9. Nfd2 Nd5 10. Nxc4 c5 11. dxc5 Bxc5 12. Rd1 Nd7 13. e4 N5b6 14. Ne5 Qe7 15.
Nd3 Bb7 16. a5 Nc8 17. a6 Bc6 18. Nxb4 Bb5 19. Nc3 Bxb4 20. Nxb5 Ncb6 21. e5
Rac8 22. Qe2 Nb8 23. Bb7 h5 24. Nxa7 1-0

[Event "chess.com SpeedChess Q1Sw"]
[Site "chess.com INT"]
[Date "2022.11.10"]
[Round "4"]
[White "Runets, Ivan"]
[Black "Kravtsiv, Martyn"]
[Result "0-1"]
[WhiteTitle "FM"]
[BlackTitle "GM"]
[WhiteElo "2176"]
[BlackElo "2598"]
[WhiteFideId "13511564"]
[BlackFideId "14113147"]
[EventDate "2022.11.10"]

1. d4 d5 2. c4 e6 3. Nc3 Bb4 4. Qa4+ Nc6 5. e3 Nf6 6. Nf3 O-O 7. Bd2 Re8 8. Qc2
Bf8 9. Bd3 Nb4 10. Qb1 Nxd3+ 11. Qxd3 b6 12. cxd5 exd5 13. O-O Bd6 14. Rfc1 Bg4
15. Ne2 Ne4 16. Ng3 Qd7 17. Be1 h6 18. Rc2 Nxg3 19. hxg3 Bf5 20. Qb3 Bxc2 21.
Qxc2 Rac8 22. Qb3 Qe6 23. Rd1 a5 24. a4 Red8 25. Bc3 Rb8 26. Qb5 Qe8 27. Qb3 b5
28. Bxa5 bxa4 29. Qc2 Qb5 30. Bc3 Qb3 31. Qf5 Qxd1+ 0-1

[Event "chess.com SpeedChess Q1Sw"]
[Site "chess.com INT"]
[Date "2022.11.10"]
[Round "4"]
[White "Matinian, Nikita"]
[Black "Guzman Moneo, Alberto"]
[Result "1-0"]
[WhiteTitle "GM"]
[BlackTitle "CM"]
[WhiteElo "2425"]
[BlackElo "2146"]
[WhiteFideId "24129100"]
[BlackFideId "2209616"]
[EventDate "2022.11.10"]

1. e4 c5 2. Nf3 Nc6 3. Bb5 g6 4. Bxc6 dxc6 5. d3 Nf6 6. Be3 b6 7. h3 Qc7 8. a4
a5 9. Nbd2 Ba6 10. b3 e5 11. Nc4 Nd7 12. O-O Bg7 13. Qd2 h6 14. Nh2 g5 15. Qe2
Nf8 16. Qh5 Ne6 17. Ng4 Nd4 18. Bxd4 cxd4 19. g3 Bc8 20. f4 gxf4 21. gxf4 exf4
22. e5 Be6 23. Nd6+ Ke7 24. Rxf4 Raf8 25. Raf1 Bxe5 26. Qxe5 Qxd6 27. Rxf7+ Rxf7
28. Rxf7+ Kxf7 29. Qxd6 1-0

[Event "chess.com SpeedChess Q1Sw"]
[Site "chess.com INT"]
[Date "2022.11.10"]
[Round "4"]
[White "Mikhailov, Viacheslav"]
[Black "Czernikowska, Laura"]
[Result "1-0"]
[WhiteTitle "IM"]
[BlackTitle "WCM"]
[WhiteElo "2428"]
[BlackElo "1559"]
[WhiteFideId "4187369"]
[BlackFideId "21805970"]
[EventDate "2022.11.10"]

1. Nf3 c5 2. g3 Nc6 3. d4 cxd4 4. Nxd4 g6 5. Bg2 Bg7 6. Nxc6 bxc6 7. O-O Nf6 8.
c4 O-O 9. Nc3 Qc7 10. b3 Ne4 11. Nxe4 Bxa1 12. Bg5 d6 13. Qxa1 f6 14. Bh6 Re8
15. Rd1 Bf5 16. h4 a5 17. Ng5 e5 18. Ne4 Re6 19. c5 Bxe4 20. cxd6 Rxd6 21. Bxe4
a4 22. b4 Rad8 23. Rxd6 Qxd6 24. Qc3 Rc8 25. Bc2 c5 26. Bxa4 cxb4 27. Qxc8+ Kf7
28. Bb3+ Ke7 29. Bf8# 1-0

[Event "chess.com SpeedChess Q1Sw"]
[Site "chess.com INT"]
[Date "2022.11.10"]
[Round "4"]
[White "Xiong, Jeffery"]
[Black "Aitbayev, Aslan"]
[Result "1-0"]
[WhiteTitle "GM"]
[BlackTitle "IM"]
[WhiteElo "2692"]
[BlackElo "2421"]
[WhiteFideId "2047640"]
[BlackFideId "13704613"]
[EventDate "2022.11.10"]

1. e4 d6 2. d4 Nf6 3. Nc3 g6 4. Nf3 Bg7 5. Be3 a6 6. Qd2 b5 7. Bd3 Bb7 8. Bh6
Bxh6 9. Qxh6 b4 10. Nd5 Nxd5 11. exd5 Bxd5 12. Qg7 Rf8 13. Ng5 Kd7 14. O-O Nc6
15. c4 bxc3 16. bxc3 Na5 17. Rfe1 Rb8 18. Re2 Nc4 19. Rae1 Rb6 20. Nxh7 Re8 21.
Nf6+ exf6 22. Rxe8 Qxe8 23. Rxe8 Kxe8 24. Qxf6 Rc6 25. h4 Nb2 26. Be2 Rxc3 27.
Bxa6 Bxa2 28. Bb5+ c6 29. d5 Rc1+ 30. Kh2 cxb5 31. Qxb2 1-0

[Event "chess.com SpeedChess Q1Sw"]
[Site "chess.com INT"]
[Date "2022.11.10"]
[Round "4"]
[White "Bibilashvili, Lali"]
[Black "Koziorowicz, Michal"]
[Result "0-1"]
[WhiteTitle "WCM"]
[BlackTitle "FM"]
[WhiteElo "1919"]
[BlackElo "2296"]
[WhiteFideId "13604236"]
[BlackFideId "21809194"]
[EventDate "2022.11.10"]

1. c4 b5 2. e3 bxc4 3. Bxc4 d5 4. Be2 e5 5. d4 e4 6. Nc3 c6 7. Bg4 f5 8. Be2 Bd6
9. g3 Nf6 10. h4 O-O 11. Nh3 Ba6 12. Bd2 Qb6 13. Na4 Qc7 14. Rc1 Bxg3 15. fxg3
Qxg3+ 16. Nf2 f4 17. exf4 e3 18. Bxe3 Qxe3 19. Rh3 Qxf4 20. Nc5 Bxe2 21. Qxe2
Qxc1+ 22. Nd1 Re8 23. Ne6 Nbd7 24. Rg3 Qh6 25. Kf1 Nh5 26. Qg4 Nxg3+ 27. Qxg3
Rxe6 0-1

[Event "chess.com SpeedChess Q1Sw"]
[Site "chess.com INT"]
[Date "2022.11.10"]
[Round "4"]
[White "Sokac, Marko"]
[Black "Samaganova, Aleksandra"]
[Result "1-0"]
[WhiteTitle "FM"]
[BlackTitle "WFM"]
[WhiteElo "2265"]
[BlackElo "1884"]
[WhiteFideId "14531356"]
[BlackFideId "13800221"]
[EventDate "2022.11.10"]

1. e4 c5 2. a3 e6 3. b4 b6 4. d4 cxd4 5. Qxd4 Nc6 6. Qe3 Nf6 7. Bb2 Be7 8. Nd2
d5 9. Bd3 d4 10. Qg3 Bd6 11. Qxg7 Rg8 12. Qh6 Rxg2 13. Ngf3 Ng4 14. Qh3 Ne3 15.
fxe3 Rg8 16. exd4 Bf4 17. O-O-O h6 18. Rhf1 Bb7 19. Kb1 Qc7 20. d5 Ne7 21. Bb5+
Kd8 22. d6 Bxd6 23. Nc4 1-0

[Event "chess.com SpeedChess Q1Sw"]
[Site "chess.com INT"]
[Date "2022.11.10"]
[Round "4"]
[White "Mitrabha, Guha"]
[Black "Klukin, Kirill"]
[Result "0-1"]
[WhiteTitle "GM"]
[BlackTitle "IM"]
[WhiteElo "2474"]
[BlackElo "2390"]
[WhiteFideId "5057000"]
[BlackFideId "24199273"]
[EventDate "2022.11.10"]

1. c4 c5 2. g3 Nc6 3. Bg2 g6 4. Nc3 Bg7 5. a3 e6 6. b4 d6 7. Rb1 Nge7 8. Nf3 O-O
9. O-O Rb8 10. Qc2 b6 11. d3 Bb7 12. b5 Nd4 13. Nxd4 Bxd4 14. Bh6 Re8 15. Ne4 d5
16. Nd2 Nf5 17. e3 Bh8 18. Bf4 e5 19. g4 exf4 20. gxf5 fxe3 21. fxe3 Rxe3 22.
fxg6 hxg6 23. Kh1 dxc4 24. Nxc4 Rxd3 25. Rbe1 Rc3 26. Qf2 Bxg2+ 27. Kg1 Bxf1 28.
Rxf1 Bd4 0-1

[Event "chess.com SpeedChess Q1Sw"]
[Site "chess.com INT"]
[Date "2022.11.10"]
[Round "4"]
[White "Kopylov, Alexander A."]
[Black "Leiva, Gianmarco"]
[Result "1-0"]
[WhiteTitle "IM"]
[BlackTitle "IM"]
[WhiteElo "2397"]
[BlackElo "2366"]
[WhiteFideId "4164857"]
[BlackFideId "3804399"]
[EventDate "2022.11.10"]

1. d4 Nf6 2. Nf3 b6 3. g3 Bb7 4. Bg2 g6 5. O-O Bg7 6. a4 a5 7. Nc3 O-O 8. Re1
Ne4 9. Nxe4 Bxe4 10. c3 e6 11. Bg5 Qc8 12. Qc1 d6 13. Bh6 Nd7 14. Qf4 Nf6 15.
Qh4 Re8 16. Ng5 Bxg2 17. Kxg2 Bh8 18. e4 e5 19. dxe5 Rxe5 20. f4 Re8 21. e5 dxe5
22. fxe5 Ng4 23. e6 f5 24. Bg7 Qb7+ 25. Kg1 h6 26. Bxh6 Qf3 27. Nxf3 1-0

[Event "chess.com SpeedChess Q1Sw"]
[Site "chess.com INT"]
[Date "2022.11.10"]
[Round "4"]
[White "Zhigalko, Sergei"]
[Black "Czerw, Dawid"]
[Result "1/2-1/2"]
[WhiteTitle "GM"]
[BlackTitle "FM"]
[WhiteElo "2572"]
[BlackElo "2373"]
[WhiteFideId "13502956"]
[BlackFideId "1145746"]
[EventDate "2022.11.10"]

1. e4 c5 2. c3 Nf6 3. e5 Nd5 4. Nf3 Nc6 5. Bc4 Nb6 6. Bb3 d5 7. exd6 Qxd6 8. O-O
Bf5 9. d4 cxd4 10. Nxd4 Nxd4 11. cxd4 e6 12. Nc3 Be7 13. Qf3 O-O 14. d5 Qd7 15.
Rd1 exd5 16. Nxd5 Nxd5 17. Rxd5 Qe6 18. Rd1 Qg6 19. Qg3 Qxg3 20. hxg3 Bf6 21. a4
Rad8 22. Rd5 Be6 23. Rxd8 Rxd8 24. Bc2 g6 25. a5 Bf5 26. Bb3 Be6 27. Bc2 Bf5 28.
Bb3 Be6 29. Bc2 1/2-1/2

[Event "chess.com SpeedChess Q1Sw"]
[Site "chess.com INT"]
[Date "2022.11.10"]
[Round "4"]
[White "Pakleza, Zbigniew"]
[Black "Narayanan, S.L."]
[Result "0-1"]
[WhiteTitle "GM"]
[BlackTitle "GM"]
[WhiteElo "2496"]
[BlackElo "2673"]
[WhiteFideId "1119290"]
[BlackFideId "5058422"]
[EventDate "2022.11.10"]

1. d4 f5 2. Nf3 Nf6 3. c4 e6 4. Nc3 Bb4 5. Qb3 a5 6. a3 a4 7. Qc2 Bxc3+ 8. Qxc3
Ne4 9. Qc2 b6 10. g3 Bb7 11. Bg2 O-O 12. O-O Nc6 13. Rd1 Na5 14. Qxa4 d5 15.
cxd5 Bxd5 16. Qb4 Nb3 17. Rb1 c5 18. Qe1 c4 19. Bf4 b5 20. h4 h6 21. Ne5 g5 22.
hxg5 hxg5 23. Bc1 f4 24. gxf4 gxf4 25. f3 Nd6 26. Ng6 Qg5 27. Nxf8 Nxc1 28. Nd7
Nb3 29. Ne5 Nf5 30. Ng4 Ne3 31. Qb4 Nxg4 0-1

[Event "chess.com SpeedChess Q1Sw"]
[Site "chess.com INT"]
[Date "2022.11.10"]
[Round "4"]
[White "Duda, Jan-Krzysztof"]
[Black "Sarana, Alexey"]
[Result "1-0"]
[WhiteTitle "GM"]
[BlackTitle "GM"]
[WhiteElo "2731"]
[BlackElo "2668"]
[WhiteFideId "1170546"]
[BlackFideId "24133795"]
[EventDate "2022.11.10"]

1. e4 c5 2. Nf3 d6 3. d4 Nf6 4. Nc3 cxd4 5. Nxd4 a6 6. g3 e5 7. Nde2 Be7 8. Bg2
b5 9. Nd5 Nxd5 10. Qxd5 Ra7 11. Be3 Be6 12. Qd2 Rd7 13. Nc3 O-O 14. a4 Rb7 15.
axb5 axb5 16. O-O Nd7 17. Nd5 Nf6 18. Nb4 Qc7 19. h3 h6 20. Ra6 Rc8 21. Rfa1 Qd7
22. Kh2 Kh7 23. c3 Rc4 24. Qd3 Qc8 25. Ra8 Qd7 26. R8a7 Rcc7 27. Rxb7 Rxb7 28.
f4 Bc4 29. Qc2 h5 30. b3 Be6 31. f5 h4 32. g4 Bxb3 33. Qxb3 Rc7 34. g5 Nh5 35.
Nd5 Rb7 36. Qd1 g6 37. Qg4 Qc6 38. fxg6+ fxg6 39. Rf1 Kg7 40. Qe6 Qe8 41. Nf6 1-0

[Event "chess.com SpeedChess Q1Sw"]
[Site "chess.com INT"]
[Date "2022.11.10"]
[Round "4"]
[White "Dushyant, Sharma"]
[Black "Vasquez Schroeder, Rodrigo"]
[Result "1/2-1/2"]
[WhiteTitle "IM"]
[BlackTitle "GM"]
[WhiteElo "2370"]
[BlackElo "2515"]
[WhiteFideId "25065130"]
[BlackFideId "3400042"]
[EventDate "2022.11.10"]

1. e4 c5 2. Nf3 d6 3. d4 cxd4 4. Nxd4 Nf6 5. Nc3 a6 6. f4 e6 7. Nf3 Qc7 8. Bd3
Nbd7 9. a4 g6 10. O-O Bg7 11. Kh1 b6 12. Qe1 Bb7 13. Bd2 O-O 14. Qh4 Rae8 15.
Rae1 Qc5 16. e5 dxe5 17. fxe5 Nh5 18. g4 Nxe5 19. Rxe5 Qxe5 20. gxh5 f5 21. Bxa6
Ba8 22. hxg6 hxg6 23. Qg3 Qd4 24. Bd3 Rf6 25. Nb5 Qg4 26. Nc7 Qxg3 27. hxg3 Rc8
28. Nxa8 Rxa8 29. Bc3 Rff8 30. Bxg7 Kxg7 31. b3 Kf6 32. Re1 Rfe8 33. Ne5 Rad8
34. Kg2 Rd5 35. Nc4 Rb8 36. Ne3 Rd4 37. Nc4 Rd5 38. Ne3 Rd4 39. Nc4 Rd5 1/2-1/2

[Event "chess.com SpeedChess Q1Sw"]
[Site "chess.com INT"]
[Date "2022.11.10"]
[Round "4"]
[White "Terry, Renato"]
[Black "Vaibhav, Jayant Raut"]
[Result "1/2-1/2"]
[WhiteTitle "IM"]
[BlackTitle "CM"]
[WhiteElo "2516"]
[BlackElo "2247"]
[WhiteFideId "3803457"]
[BlackFideId "5089034"]
[EventDate "2022.11.10"]

1. d4 Nf6 2. Nf3 e6 3. c4 Bb4+ 4. Nbd2 O-O 5. a3 Bxd2+ 6. Qxd2 b6 7. e3 Bb7 8.
Bd3 Ne4 9. Qc2 f5 10. b4 a5 11. b5 d6 12. Bb2 Nd7 13. O-O Qe7 14. Nd2 Nxd2 15.
Qxd2 Qg5 16. f3 Rae8 17. Rad1 f4 18. exf4 Qxf4 19. Qxf4 Rxf4 20. Bc1 Rff8 21.
Rfe1 e5 22. d5 Nc5 23. Bc2 Bc8 24. Be3 Nb7 25. Be4 Bf5 26. Rf1 Bxe4 27. fxe4
Rxf1+ 28. Kxf1 Rf8+ 29. Ke2 h6 30. a4 Kh7 31. Rh1 Nd8 32. h3 Rf7 33. g4 Rf8 34.
h4 g6 35. Rg1 Nb7 36. Rg3 Kg7 37. Rg1 Kh7 38. Rh1 Kg7 39. Rd1 Kh7 40. Rc1 Kg7
41. Rb1 Kh7 42. Rh1 Kg7 43. Rh3 Rf7 44. Rg3 Rf8 45. Rg1 Kh7 1/2-1/2

[Event "chess.com SpeedChess Q1Sw"]
[Site "chess.com INT"]
[Date "2022.11.10"]
[Round "4"]
[White "Alekseenko, Kirill"]
[Black "Kazakov, Mikhail"]
[Result "1-0"]
[WhiteTitle "GM"]
[BlackTitle "GM"]
[WhiteElo "2687"]
[BlackElo "2513"]
[WhiteFideId "4135539"]
[BlackFideId "14102749"]
[EventDate "2022.11.10"]

1. e4 e5 2. Nf3 Nc6 3. Bc4 Nf6 4. d3 Be7 5. Nc3 O-O 6. a3 d6 7. O-O Be6 8. Re1
a6 9. Nd5 Bxd5 10. exd5 Nb8 11. d4 exd4 12. Nxd4 Re8 13. Bg5 Nfd7 14. Bf4 Bf8
15. Rxe8 Qxe8 16. Qd2 Ne5 17. Bb3 Nbd7 18. Re1 Qd8 19. c3 Qb8 20. Bg3 Qa7 21. f4
Ng6 22. Kh1 Nf6 23. Bf2 Re8 24. Rxe8 Nxe8 25. h4 Qb8 26. h5 Ne7 27. Bh4 Qc8 28.
Qe2 Qd7 29. Kh2 Nf6 30. Bxf6 gxf6 31. Bc2 Bh6 32. g3 c5 33. dxc6 bxc6 34. Bf5
Nxf5 35. Qg4+ Kf8 36. Nxf5 Qb7 37. Nxh6 Qxb2+ 38. Kh3 Ke7 39. Qc8 Qxc3 40. Nf5# 1-0

[Event "chess.com SpeedChess Q1Sw"]
[Site "chess.com INT"]
[Date "2022.11.10"]
[Round "4"]
[White "Samadov, Read"]
[Black "Sjugirov, Sanan"]
[Result "0-1"]
[WhiteTitle "FM"]
[BlackTitle "GM"]
[WhiteElo "2450"]
[BlackElo "2712"]
[WhiteFideId "13417444"]
[BlackFideId "4189302"]
[EventDate "2022.11.10"]

1. d4 Nf6 2. c4 e6 3. Nf3 b6 4. g3 Bb4+ 5. Bd2 c5 6. Bg2 Bb7 7. O-O O-O 8. Bxb4
cxb4 9. a3 bxa3 10. Nxa3 Qe7 11. Nb5 a6 12. Nc3 a5 13. d5 Na6 14. Nd4 Nc5 15. e4
d6 16. Re1 e5 17. Nf5 Qd8 18. Nb5 Ne8 19. Qg4 g6 20. Ne3 Ba6 21. Nc3 Nf6 22. Qh4
Nfd7 23. Qh6 Qf6 24. Rab1 Qg7 25. Qh4 Rfe8 26. Red1 Nb3 27. Ne2 Ndc5 28. f3 Bc8
29. Nc3 Nd4 30. g4 Bd7 31. Kh1 a4 32. Qf2 Qh6 33. h4 Qf4 34. Kg1 Reb8 35. Nc2
Nxc2 36. Qxc2 b5 37. cxb5 Bxb5 38. Ra1 Bc4 39. Re1 Nd3 40. Reb1 Qe3+ 41. Kh2 Bb3
42. Qe2 Qf4+ 43. Kh1 Bc4 44. Rxa4 Rxa4 45. Nxa4 Qg3 46. Kg1 Nf4 47. Qd2 Be2 0-1

[Event "chess.com SpeedChess Q1Sw"]
[Site "chess.com INT"]
[Date "2022.11.10"]
[Round "4"]
[White "Lewtak, Damian"]
[Black "Hammer, Jon Ludvig"]
[Result "0-1"]
[WhiteTitle "IM"]
[BlackTitle "GM"]
[WhiteElo "2385"]
[BlackElo "2625"]
[WhiteFideId "1141724"]
[BlackFideId "1503707"]
[EventDate "2022.11.10"]

1. e4 e5 2. Nf3 Nf6 3. Nxe5 d6 4. Nf3 Nxe4 5. Nc3 Nxc3 6. dxc3 Be7 7. Be3 Nd7 8.
Qd2 Ne5 9. Be2 Ng4 10. Bf4 O-O 11. h3 Nf6 12. Bd3 c5 13. O-O b6 14. Rfe1 Re8 15.
Rad1 Bb7 16. Ng5 Bf8 17. Bb5 Rxe1+ 18. Qxe1 h6 19. Nf3 Bxf3 20. gxf3 Qc8 21. Kg2
Qf5 22. Bxd6 Bxd6 23. Rxd6 Qxc2 24. Bc6 Rf8 25. Qd2 Qg6+ 26. Kh2 Qf5 27. Ba4
Qxf3 28. Bc2 Re8 29. Qd3 Qxf2+ 0-1

[Event "chess.com SpeedChess Q1Sw"]
[Site "chess.com INT"]
[Date "2022.11.10"]
[Round "4"]
[White "Kamsky, Gata"]
[Black "Gabrielian, Artur"]
[Result "1-0"]
[WhiteTitle "GM"]
[BlackTitle "GM"]
[WhiteElo "2666"]
[BlackElo "2460"]
[WhiteFideId "2000024"]
[BlackFideId "4131002"]
[EventDate "2022.11.10"]

1. e4 c5 2. Nf3 d6 3. d4 cxd4 4. Nxd4 Nf6 5. Nc3 Nc6 6. Be2 g6 7. O-O Bg7 8. Be3
O-O 9. Qd2 Bd7 10. Rfd1 Nxd4 11. Bxd4 Bc6 12. f3 Nd7 13. a4 Bxd4+ 14. Qxd4 Qb6
15. a5 Qxd4+ 16. Rxd4 a6 17. Nd5 Bxd5 18. exd5 Rfc8 19. c3 Nc5 20. Rb4 Rc7 21.
f4 e6 22. dxe6 fxe6 23. Rd1 Rd8 24. g3 Kf7 25. Kf2 Ke7 26. Ke3 h6 27. h4 Rg8 28.
Rb6 Na4 29. Rb4 Nc5 30. Bf3 g5 31. fxg5 hxg5 32. h5 d5 33. c4 dxc4 34. Rxc4 Rgc8
35. Rdc1 Kd6 36. b4 Nd7 37. Rxc7 Rxc7 38. Rxc7 Kxc7 39. h6 Nf6 40. Kd4 Kd6 41.
Bxb7 e5+ 42. Kc4 e4 43. Kd4 e3 44. Kxe3 Ng4+ 45. Kd4 Nxh6 46. Ke4 Nf7 47. Bxa6
Ne5 48. Bb5 g4 49. Kf4 1-0

[Event "chess.com SpeedChess Q1Sw"]
[Site "chess.com INT"]
[Date "2022.11.10"]
[Round "4"]
[White "Szente Varga, Fruzsina"]
[Black "Garv, Gaur"]
[Result "0-1"]
[WhiteTitle "WFM"]
[BlackTitle "CM"]
[WhiteElo "2075"]
[BlackElo "1973"]
[WhiteFideId "712264"]
[BlackFideId "45030839"]
[EventDate "2022.11.10"]

1. e4 c6 2. d4 d5 3. Nc3 dxe4 4. Nxe4 Bf5 5. Ng3 Bg6 6. Bc4 e6 7. N1e2 Bd6 8.
O-O Ne7 9. c3 O-O 10. f4 Nd7 11. Bd3 Nf6 12. f5 exf5 13. Nxf5 Nxf5 14. Bxf5 Qc7
15. h3 Rae8 16. Bg5 Nd5 17. Qd2 h6 18. Bxg6 fxg6 19. Rxf8+ Rxf8 20. Bh4 g5 21.
c4 gxh4 22. cxd5 cxd5 23. Nc3 Qf7 24. Re1 Bg3 25. Rd1 Qf5 26. Qe2 Kh8 27. Rf1
Bh2+ 28. Kxh2 Qxf1 29. Qxf1 Rxf1 30. Nxd5 Rd1 31. Ne7 Rxd4 32. Nf5 Rd2 33. Nxh4
Rxb2 34. Ng6+ Kh7 35. Nf8+ Kg8 36. Ne6 Rxa2 37. Kg3 a5 38. Kf3 a4 39. g4 a3 40.
Nc5 b5 41. Ke3 Rb2 0-1

[Event "chess.com SpeedChess Q1Sw"]
[Site "chess.com INT"]
[Date "2022.11.10"]
[Round "4"]
[White "Liyanage, Ranindu Dilshan"]
[Black "Jaferian, Koosha"]
[Result "0-1"]
[WhiteTitle "FM"]
[BlackTitle "CM"]
[WhiteElo "2331"]
[BlackElo "2227"]
[WhiteFideId "9915834"]
[BlackFideId "12507440"]
[EventDate "2022.11.10"]

1. d4 Nf6 2. Nc3 d5 3. Bf4 c5 4. e4 Nxe4 5. Nxe4 dxe4 6. dxc5 Qa5+ 7. c3 Qxc5 8.
Qa4+ Nc6 9. Qxe4 g6 10. Nf3 Bg7 11. Qe3 Qxe3+ 12. Bxe3 O-O 13. O-O-O Be6 14. Kb1
Rfd8 15. Be2 Bf5+ 16. Ka1 Be4 17. Bc5 e6 18. Rhg1 b6 19. Be3 h6 20. h4 Kh7 21.
h5 gxh5 22. Nd2 Bc2 23. Rc1 Bg6 24. Rh1 Ne5 25. Bxh5 Bxh5 26. Rxh5 Ng4 27. Nf1
Kg6 28. Rh3 Nxe3 29. Rxe3 Bf6 30. Rg3+ Kh7 31. Rf3 Kg6 32. Kb1 Bg5 33. Re1 Rd6
34. Rg3 Rad8 35. f4 Rd1+ 36. Rxd1 Rxd1+ 37. Kc2 Rxf1 38. fxg5 hxg5 39. c4 Rf2+
40. Kc3 f5 41. b4 f4 42. Rd3 Rxg2 43. c5 bxc5 44. bxc5 Rh2 45. c6 Rh8 46. Kd4
Kf5 47. Kc5 g4 48. Rd7 g3 49. c7 Rc8 50. Kc6 g2 51. Rg7 f3 52. Kb7 Rxc7+ 53.
Kxc7 f2 54. Rxg2 f1=Q 55. Rg7 Qc4+ 56. Kb8 Qxa2 57. Rxa7 Qxa7+ 58. Kxa7 e5 0-1

[Event "chess.com SpeedChess Q1Sw"]
[Site "chess.com INT"]
[Date "2022.11.10"]
[Round "4"]
[White "Petrosyan, Manuel"]
[Black "Bartel, Mateusz"]
[Result "0-1"]
[WhiteTitle "GM"]
[BlackTitle "GM"]
[WhiteElo "2621"]
[BlackElo "2627"]
[WhiteFideId "13300857"]
[BlackFideId "1112635"]
[EventDate "2022.11.10"]

1. d4 e6 2. Nf3 Nf6 3. Bf4 b6 4. e3 Bb7 5. h3 g6 6. Be2 Bg7 7. O-O O-O 8. a4 a5
9. c4 d6 10. Nc3 Na6 11. Bh2 Qe7 12. Nd2 e5 13. Bf3 e4 14. Be2 Nb4 15. Nb5 Ne8
16. Qb1 c6 17. Qxe4 Qxe4 18. Nxe4 cxb5 19. Nxd6 Nxd6 20. Bxd6 Rfe8 21. axb5 Nc2
22. c5 Nxd4 23. exd4 Rxe2 24. c6 Bc8 25. Rae1 Rxe1 26. Rxe1 Be6 27. Rd1 Rd8 28.
Bc7 Rxd4 29. Rc1 Rb4 30. Bxb6 Rxb5 31. Be3 Bxb2 32. Rd1 Kg7 33. c7 Be5 34. Rc1
Bc8 35. f4 Bd6 36. Bd4+ Kf8 37. Rc6 Ke7 0-1

[Event "chess.com SpeedChess Q1Sw"]
[Site "chess.com INT"]
[Date "2022.11.10"]
[Round "4"]
[White "Bortnyk, Olexandr"]
[Black "Shimanov, Aleksandr"]
[Result "1-0"]
[WhiteTitle "GM"]
[BlackTitle "GM"]
[WhiteElo "2604"]
[BlackElo "2581"]
[WhiteFideId "14120828"]
[BlackFideId "4198603"]
[EventDate "2022.11.10"]

1. e4 e5 2. Nf3 Nc6 3. Bb5 Nf6 4. Qe2 Be7 5. c3 d6 6. h3 O-O 7. d3 Bd7 8. Ba4
Re8 9. Bc2 d5 10. Nbd2 a5 11. Nf1 a4 12. a3 dxe4 13. dxe4 b5 14. Ne3 Rb8 15. O-O
Qc8 16. Nd5 h6 17. Nxe7+ Rxe7 18. Be3 Be6 19. Bc5 Re8 20. Rfd1 Nd7 21. Be3 Na5
22. Nd2 c5 23. Qf3 Qc6 24. Qg3 Kh8 25. f4 exf4 26. Bxf4 Rbc8 27. e5 Nc4 28. Nxc4
bxc4 29. Rd6 Qb5 30. Rb1 Rc6 31. Rd2 Nf8 32. Qh4 Bc8 33. Rd6 Rxd6 34. exd6 Re2
35. Bd1 Re8 36. Bh5 Bf5 37. Rf1 Bg6 38. Bg4 Nd7 39. Bxh6 gxh6 40. Qxh6+ Kg8 41.
Bf5 Nf8 42. Qg5 Qc6 43. d7 Nxd7 44. h4 Re5 45. h5 1-0

[Event "chess.com SpeedChess Q1Sw"]
[Site "chess.com INT"]
[Date "2022.11.10"]
[Round "4"]
[White "Fathy, Elameir"]
[Black "Tarnowska, Aleksandra"]
[Result "1-0"]
[WhiteTitle "FM"]
[BlackTitle "WCM"]
[WhiteElo "2300"]
[BlackElo "1835"]
[WhiteFideId "10600396"]
[BlackFideId "1180967"]
[EventDate "2022.11.10"]

1. d4 d5 2. Nf3 Nf6 3. c4 c6 4. g3 Bf5 5. Nc3 e6 6. Qb3 Qb6 7. c5 Qxb3 8. axb3
Ne4 9. b4 Nxc3 10. bxc3 Nd7 11. Bf4 Nf6 12. Nd2 h6 13. h4 Nh5 14. Be3 Be7 15.
Nb3 Be4 16. Rg1 a6 17. Na5 Ra7 18. g4 Nf6 19. Bf4 Kd7 20. f3 Bg6 21. e3 Rc8 22.
Kd2 Bd8 23. Nb3 Ne8 24. b5 Bxh4 25. bxa6 bxa6 26. Rxa6 Rxa6 27. Bxa6 Ra8 28. Ra1
Nc7 29. Be2 Rxa1 30. Nxa1 f6 31. Bxc7 Kxc7 32. Nb3 e5 33. Na5 Bg3 34. Bd3 Bxd3
35. Kxd3 g6 36. Nb3 h5 37. gxh5 gxh5 38. Ke2 h4 39. Kf1 f5 40. Nc1 f4 41. exf4
exf4 42. Nd3 h3 43. Kg1 Kd7 44. Ne5+ Kc7 45. Ng6 Be1 46. Nxf4 Bxc3 47. Kh2 Bxd4
48. Ne6+ Kd7 49. Nxd4 Kc7 50. Kxh3 Kb7 51. Kg4 Kc7 52. f4 Kd7 53. f5 Ke7 54. Kg5
Kf7 55. f6 Kf8 56. Nxc6 Kf7 57. Ne5+ Kf8 58. c6 d4 59. c7 1-0

[Event "chess.com SpeedChess Q1Sw"]
[Site "chess.com INT"]
[Date "2022.11.10"]
[Round "4"]
[White "Vantika, Agrawal"]
[Black "Vokhidov, Shamsiddin"]
[Result "0-1"]
[WhiteTitle "WGM"]
[BlackTitle "GM"]
[WhiteElo "2362"]
[BlackElo "2568"]
[WhiteFideId "25050389"]
[BlackFideId "14204223"]
[EventDate "2022.11.10"]

1. d4 Nf6 2. c4 e6 3. Nf3 d5 4. g3 dxc4 5. Bg2 Bb4+ 6. Bd2 a5 7. Qc2 Bxd2+ 8.
Qxd2 c6 9. a4 b5 10. axb5 cxb5 11. Qg5 O-O 12. Qxb5 Ba6 13. Qxa5 Bb7 14. Qxd8
Rxa1 15. Qxf8+ Kxf8 16. O-O Ra2 17. Nbd2 Bxf3 18. Nxf3 Rxb2 19. Rc1 Rxe2 20.
Rxc4 Nbd7 21. Bf1 Rb2 22. Bd3 h6 23. Rc2 Rb3 24. Be2 Nd5 25. Kg2 g5 26. h3 Rb4
27. Rd2 N7f6 28. Ne5 Ne4 29. Rc2 Rxd4 30. Bf3 Kg7 31. Rb2 Nd6 32. Rc2 Nf5 33.
Bxd5 Rxd5 34. Nf3 Rd3 35. Ra2 Rb3 36. Rd2 Ra3 37. Rb2 Kg6 38. Ne5+ Kf6 39. Ng4+
Kg7 40. Ne5 Ra5 41. Nc4 Rc5 42. Nd2 Rc3 43. Nf3 Kf6 44. Ra2 Rb3 45. Rd2 Ra3 46.
Nd4 Ne7 47. Nf3 Nd5 48. Rb2 Nc3 49. Rc2 Ne4 50. Rb2 Nd6 51. Rd2 Ke7 52. Rb2 Nf5
53. Ne5 Nd6 54. Nf3 Kf6 55. Rd2 Nc4 56. Rc2 Nb6 57. Rb2 Nd5 58. Rd2 h5 59. Rb2
h4 60. gxh4 gxh4 61. Nxh4 Nf4+ 62. Kg1 Nxh3+ 63. Kh2 Ng5 64. Kg2 Ra4 0-1